Deutsches Institut für Wirtschaftsforschung Vierteljahrshefte zur Wirtschaftsforschung

Gespeichert in:
Bibliographische Detailangaben
Format: Schriftenreihe
Sprache:Deutsch
Veröffentlicht: Berlin Duncker & Humblot
Schlagworte:
Tags: Tag hinzufügen
Keine Tags, Fügen Sie das erste Tag hinzu!

MARC

LEADER 00000nas1a22000001 4500
001 s120118
005 20230414110215.2
022 |a 0340-1707 
041 0 |a ger 
044 |a DE 
245 1 0 |a Deutsches Institut für Wirtschaftsforschung  |b Vierteljahrshefte zur Wirtschaftsforschung 
264 1 |a Berlin  |b Duncker & Humblot 
610 2 0 |a hospodárstvo národné 
610 2 0 |a výskum ekonomický